Food safety : selected countries' systems can offer insights into ensuring import safety and responding to foodborne illness : report to congressional requesters.

Bibliographic Details
Corporate Author: United States. Government Accountability Office
Format: Government Document eBook
Language:English
Published: [Washington, D.C.] : U.S. Govt. Accountability Office, [2008]
Subjects:
Online Access:https://purl.fdlp.gov/GPO/LPS111723

MARC

Tag First Indicator Second Indicator Subfields
LEADER 00000cam a2200000 a 4500
001 in00002491521
005 20211202191429.0
006 m d f
007 cr mn|||||||||
008 090427s2008 dcu sb f000 0 eng c
035 |a (OCoLC)ocn319428073 
040 |a GPO  |c GPO  |d GPO  |d MvI  |d UtOrBLW 
042 |a pcc 
049 |a WWW 
074 |a 0546-D (online) 
086 0 |a GA 1.13:GAO-08-794 
088 |a GAO-08-794 
110 1 |a United States.  |b Government Accountability Office. 
245 1 0 |a Food safety :  |b selected countries' systems can offer insights into ensuring import safety and responding to foodborne illness : report to congressional requesters. 
246 3 0 |a Selected countries' systems can offer insights into ensuring import safety and responding to foodborne illness 
246 1 7 |a Foreign countries' food safety systems 
264 1 |a [Washington, D.C.] :  |b U.S. Govt. Accountability Office,  |c [2008] 
300 |a ii, 96 pages :  |b digital, PDF file. 
336 |a text  |b txt  |2 rdacontent 
337 |a computer  |b c  |2 rdamedia 
338 |a online resource  |b cr  |2 rdacarrier 
538 |a Mode of access: Internet from GAO web site. Address as of 4/23/09: http://www.gao.gov/new.items/d08794.pdf ; current access available via PURL. 
500 |a Title from title screen (viewed on Apr. 23, 2009). 
500 |a "June 2008." 
504 |a Includes bibliographical references. 
500 |a "GAO-08-794." 
500 |a Electronic resource. 
650 0 |a Food  |x Safety measures. 
650 0 |a Foodborne diseases  |x Prevention  |x Evaluation. 
650 0 |a Food adulteration and inspection  |z United States. 
776 0 |t Food safety : selected countries' systems can offer insights into ensuring import safety and responding to foodborne illness  |h 57 p.  |w (OCoLC)236102530 
856 4 0 |u https://purl.fdlp.gov/GPO/LPS111723  |t 0 
999 |a MARS 
999 f f |s 0a6ae710-ab5b-309e-86b2-7aeb23b9428a  |i 97bd3f4b-7012-3850-876b-329175dc9808  |t 0 
952 f f |a Texas A&M University  |b College Station  |c Electronic Resources  |d Available Online  |t 0  |e GA 1.13:GAO-08-794  |h Superintendent of Documents classification 
998 f f |a GA 1.13:GAO-08-794  |t 0  |l Available Online